<?xml version="1.0" encoding="UTF-8"?>
<collection xmlns="http://www.loc.gov/MARC21/slim">
<record>
  <controlfield tag="001">285019</controlfield>
  <controlfield tag="005">20260220105948.0</controlfield>
  <datafield tag="024" ind1="7" ind2=" ">
    <subfield code="a">10.1002/alz70856_106502</subfield>
    <subfield code="2">doi</subfield>
  </datafield>
  <datafield tag="024" ind1="7" ind2=" ">
    <subfield code="a">1552-5260</subfield>
    <subfield code="2">ISSN</subfield>
  </datafield>
  <datafield tag="024" ind1="7" ind2=" ">
    <subfield code="a">1552-5279</subfield>
    <subfield code="2">ISSN</subfield>
  </datafield>
  <datafield tag="037" ind1=" " ind2=" ">
    <subfield code="a">DZNE-2026-00145</subfield>
  </datafield>
  <datafield tag="082" ind1=" " ind2=" ">
    <subfield code="a">610</subfield>
  </datafield>
  <datafield tag="100" ind1="1" ind2=" ">
    <subfield code="a">Lopez, Susanna</subfield>
    <subfield code="b">0</subfield>
  </datafield>
  <datafield tag="111" ind1="2" ind2=" ">
    <subfield code="a">Alzheimer’s Association International Conference</subfield>
    <subfield code="g">AAIC 25</subfield>
    <subfield code="c">Toronto</subfield>
    <subfield code="d">2025-07-27 - 2025-07-31</subfield>
    <subfield code="w">Canada</subfield>
  </datafield>
  <datafield tag="245" ind1=" " ind2=" ">
    <subfield code="a">Older adults with subjective memory complaints and brain amyloidosis show stable electroencephalographic rhythms, cortical structure, and cognitive performances over 2 years</subfield>
  </datafield>
  <datafield tag="260" ind1=" " ind2=" ">
    <subfield code="c">2025</subfield>
  </datafield>
  <datafield tag="336" ind1="7" ind2=" ">
    <subfield code="a">Abstract</subfield>
    <subfield code="b">abstract</subfield>
    <subfield code="m">abstract</subfield>
    <subfield code="0">PUB:(DE-HGF)1</subfield>
    <subfield code="s">1771496315_26619</subfield>
    <subfield code="2">PUB:(DE-HGF)</subfield>
  </datafield>
  <datafield tag="336" ind1="7" ind2=" ">
    <subfield code="a">Conference Paper</subfield>
    <subfield code="0">33</subfield>
    <subfield code="2">EndNote</subfield>
  </datafield>
  <datafield tag="336" ind1="7" ind2=" ">
    <subfield code="a">INPROCEEDINGS</subfield>
    <subfield code="2">BibTeX</subfield>
  </datafield>
  <datafield tag="336" ind1="7" ind2=" ">
    <subfield code="a">conferenceObject</subfield>
    <subfield code="2">DRIVER</subfield>
  </datafield>
  <datafield tag="336" ind1="7" ind2=" ">
    <subfield code="a">Journal Article</subfield>
    <subfield code="0">PUB:(DE-HGF)16</subfield>
    <subfield code="2">PUB:(DE-HGF)</subfield>
    <subfield code="m">journal</subfield>
  </datafield>
  <datafield tag="336" ind1="7" ind2=" ">
    <subfield code="a">Output Types/Conference Abstract</subfield>
    <subfield code="2">DataCite</subfield>
  </datafield>
  <datafield tag="336" ind1="7" ind2=" ">
    <subfield code="a">OTHER</subfield>
    <subfield code="2">ORCID</subfield>
  </datafield>
  <datafield tag="520" ind1=" " ind2=" ">
    <subfield code="a">Background: It is well-known that in patients with Alzheimer's disease (AD) and high education attainment, cognitive performance is typically better than expected based on the burden of brain neuropathology and neurodegeneration (Stern et al., 2018; doi: 10.1016/j.neuroimage.2018.05.033). This resilience of the cognitive status was attributed to a sort of cognitive reserve (CR) accumulated by persons with high education attainment, which predicts a life with engaging job, intellectual, and social demands (Arenaza-Urquijo et al. 2015; doi: 10.3389/fnagi.2015.00134; Stern et al. 2018). Previous resting-state eyes-closed electroencephalographic (rsEEG) studies showed that alpha rhythms in posterior visual and visuospatial areas are related to CR in healthy adults, subjective memory complaints (SMC) seniors, and patients with mild cognitive impairment due to AD (ADMCI). Method: In the present exploratory study, we used the database of the INSIGHT cohort (Dubois et al., 2018; doi: 10.1016/S1474-4422(18)30029-2), we investigated whether older adults with subjective memory complaints (SMC) and brain amyloid-β accumulation may exhibit clinical progression over 2 years as a function of educational attainment (a proxy of cognitive reserve). Result: SMCneg with high educational attainment (Edu+) participants showed greater posterior rsEEG alpha rhythms compared to SMCneg with low educational attainment (Edu-) participants. In contrast, SMCpos Edu+ participants exhibited reduced posterior rsEEG alpha rhythms and parietal cortical thickness compared to SMCpos Edu- participants. No EEG (Figure 1) or MRI (Figure 2) marker significantly changed over the 2-year follow-up period. Conclusion: These findings suggest that a substantially longer time interval than 2 years should be assessed to evaluate the Alzheimer's disease progression and biomarker-guided targeted therapies in presymptomatic SMCpos adults.</subfield>
  </datafield>
  <datafield tag="536" ind1=" " ind2=" ">
    <subfield code="a">353 - Clinical and Health Care Research (POF4-353)</subfield>
    <subfield code="0">G:(DE-HGF)POF4-353</subfield>
    <subfield code="c">POF4-353</subfield>
    <subfield code="f">POF IV</subfield>
    <subfield code="x">0</subfield>
  </datafield>
  <datafield tag="588" ind1=" " ind2=" ">
    <subfield code="a">Dataset connected to CrossRef, Journals: pub.dzne.de</subfield>
  </datafield>
  <datafield tag="700" ind1="1" ind2=" ">
    <subfield code="a">Hampel, Harald</subfield>
    <subfield code="b">1</subfield>
  </datafield>
  <datafield tag="700" ind1="1" ind2=" ">
    <subfield code="a">Percio, Claudio Del</subfield>
    <subfield code="b">2</subfield>
  </datafield>
  <datafield tag="700" ind1="1" ind2=" ">
    <subfield code="a">Noce, Giuseppe</subfield>
    <subfield code="b">3</subfield>
  </datafield>
  <datafield tag="700" ind1="1" ind2=" ">
    <subfield code="a">Lizio, Roberta</subfield>
    <subfield code="b">4</subfield>
  </datafield>
  <datafield tag="700" ind1="1" ind2=" ">
    <subfield code="a">Teipel, Stefan</subfield>
    <subfield code="0">P:(DE-2719)2000026</subfield>
    <subfield code="b">5</subfield>
    <subfield code="u">dzne</subfield>
  </datafield>
  <datafield tag="700" ind1="1" ind2=" ">
    <subfield code="a">Dyrba, Martin</subfield>
    <subfield code="0">P:(DE-2719)2810283</subfield>
    <subfield code="b">6</subfield>
    <subfield code="u">dzne</subfield>
  </datafield>
  <datafield tag="700" ind1="1" ind2=" ">
    <subfield code="a">Vergallo, Andrea</subfield>
    <subfield code="b">7</subfield>
  </datafield>
  <datafield tag="700" ind1="1" ind2=" ">
    <subfield code="a">Ferri, Raffaele</subfield>
    <subfield code="b">8</subfield>
  </datafield>
  <datafield tag="700" ind1="1" ind2=" ">
    <subfield code="a">Pardini, Matteo</subfield>
    <subfield code="b">9</subfield>
  </datafield>
  <datafield tag="700" ind1="1" ind2=" ">
    <subfield code="a">Babiloni, Claudio</subfield>
    <subfield code="b">10</subfield>
  </datafield>
  <datafield tag="773" ind1=" " ind2=" ">
    <subfield code="a">10.1002/alz70856_106502</subfield>
    <subfield code="g">Vol. 21, no. S2, p. e106502</subfield>
    <subfield code="0">PERI:(DE-600)2201940-6</subfield>
    <subfield code="n">S2</subfield>
    <subfield code="p">e106502</subfield>
    <subfield code="t">Alzheimer's and dementia</subfield>
    <subfield code="v">21</subfield>
    <subfield code="y">2025</subfield>
    <subfield code="x">1552-5260</subfield>
  </datafield>
  <datafield tag="856" ind1="4" ind2=" ">
    <subfield code="y">OpenAccess</subfield>
    <subfield code="u">http://pub.dzne.de/record/285019/files/DZNE-2026-00145.pdf</subfield>
  </datafield>
  <datafield tag="856" ind1="4" ind2=" ">
    <subfield code="y">OpenAccess</subfield>
    <subfield code="x">pdfa</subfield>
    <subfield code="u">http://pub.dzne.de/record/285019/files/DZNE-2026-00145.pdf?subformat=pdfa</subfield>
  </datafield>
  <datafield tag="909" ind1="C" ind2="O">
    <subfield code="o">oai:pub.dzne.de:285019</subfield>
    <subfield code="p">openaire</subfield>
    <subfield code="p">open_access</subfield>
    <subfield code="p">VDB</subfield>
    <subfield code="p">driver</subfield>
    <subfield code="p">dnbdelivery</subfield>
  </datafield>
  <datafield tag="910" ind1="1" ind2=" ">
    <subfield code="a">External Institute</subfield>
    <subfield code="0">I:(DE-HGF)0</subfield>
    <subfield code="k">Extern</subfield>
    <subfield code="b">5</subfield>
    <subfield code="6">P:(DE-2719)2000026</subfield>
  </datafield>
  <datafield tag="910" ind1="1" ind2=" ">
    <subfield code="a">Deutsches Zentrum für Neurodegenerative Erkrankungen</subfield>
    <subfield code="0">I:(DE-588)1065079516</subfield>
    <subfield code="k">DZNE</subfield>
    <subfield code="b">6</subfield>
    <subfield code="6">P:(DE-2719)2810283</subfield>
  </datafield>
  <datafield tag="913" ind1="1" ind2=" ">
    <subfield code="a">DE-HGF</subfield>
    <subfield code="b">Gesundheit</subfield>
    <subfield code="l">Neurodegenerative Diseases</subfield>
    <subfield code="1">G:(DE-HGF)POF4-350</subfield>
    <subfield code="0">G:(DE-HGF)POF4-353</subfield>
    <subfield code="3">G:(DE-HGF)POF4</subfield>
    <subfield code="2">G:(DE-HGF)POF4-300</subfield>
    <subfield code="4">G:(DE-HGF)POF</subfield>
    <subfield code="v">Clinical and Health Care Research</subfield>
    <subfield code="x">0</subfield>
  </datafield>
  <datafield tag="915" ind1=" " ind2=" ">
    <subfield code="a">DBCoverage</subfield>
    <subfield code="0">StatID:(DE-HGF)0200</subfield>
    <subfield code="2">StatID</subfield>
    <subfield code="b">SCOPUS</subfield>
    <subfield code="d">2025-11-11</subfield>
  </datafield>
  <datafield tag="915" ind1=" " ind2=" ">
    <subfield code="a">DBCoverage</subfield>
    <subfield code="0">StatID:(DE-HGF)0160</subfield>
    <subfield code="2">StatID</subfield>
    <subfield code="b">Essential Science Indicators</subfield>
    <subfield code="d">2025-11-11</subfield>
  </datafield>
  <datafield tag="915" ind1=" " ind2=" ">
    <subfield code="a">Creative Commons Attribution CC BY 4.0</subfield>
    <subfield code="0">LIC:(DE-HGF)CCBY4</subfield>
    <subfield code="2">HGFVOC</subfield>
  </datafield>
  <datafield tag="915" ind1=" " ind2=" ">
    <subfield code="a">JCR</subfield>
    <subfield code="0">StatID:(DE-HGF)0100</subfield>
    <subfield code="2">StatID</subfield>
    <subfield code="b">ALZHEIMERS DEMENT : 2022</subfield>
    <subfield code="d">2025-11-11</subfield>
  </datafield>
  <datafield tag="915" ind1=" " ind2=" ">
    <subfield code="a">IF >= 10</subfield>
    <subfield code="0">StatID:(DE-HGF)9910</subfield>
    <subfield code="2">StatID</subfield>
    <subfield code="b">ALZHEIMERS DEMENT : 2022</subfield>
    <subfield code="d">2025-11-11</subfield>
  </datafield>
  <datafield tag="915" ind1=" " ind2=" ">
    <subfield code="a">DEAL Wiley</subfield>
    <subfield code="0">StatID:(DE-HGF)3001</subfield>
    <subfield code="2">StatID</subfield>
    <subfield code="d">2025-11-11</subfield>
    <subfield code="w">ger</subfield>
  </datafield>
  <datafield tag="915" ind1=" " ind2=" ">
    <subfield code="a">WoS</subfield>
    <subfield code="0">StatID:(DE-HGF)0113</subfield>
    <subfield code="2">StatID</subfield>
    <subfield code="b">Science Citation Index Expanded</subfield>
    <subfield code="d">2025-11-11</subfield>
  </datafield>
  <datafield tag="915" ind1=" " ind2=" ">
    <subfield code="a">DBCoverage</subfield>
    <subfield code="0">StatID:(DE-HGF)0320</subfield>
    <subfield code="2">StatID</subfield>
    <subfield code="b">PubMed Central</subfield>
    <subfield code="d">2025-11-11</subfield>
  </datafield>
  <datafield tag="915" ind1=" " ind2=" ">
    <subfield code="a">DBCoverage</subfield>
    <subfield code="0">StatID:(DE-HGF)0150</subfield>
    <subfield code="2">StatID</subfield>
    <subfield code="b">Web of Science Core Collection</subfield>
    <subfield code="d">2025-11-11</subfield>
  </datafield>
  <datafield tag="915" ind1=" " ind2=" ">
    <subfield code="a">OpenAccess</subfield>
    <subfield code="0">StatID:(DE-HGF)0510</subfield>
    <subfield code="2">StatID</subfield>
  </datafield>
  <datafield tag="915" ind1=" " ind2=" ">
    <subfield code="a">DBCoverage</subfield>
    <subfield code="0">StatID:(DE-HGF)0300</subfield>
    <subfield code="2">StatID</subfield>
    <subfield code="b">Medline</subfield>
    <subfield code="d">2025-11-11</subfield>
  </datafield>
  <datafield tag="915" ind1=" " ind2=" ">
    <subfield code="a">DBCoverage</subfield>
    <subfield code="0">StatID:(DE-HGF)1110</subfield>
    <subfield code="2">StatID</subfield>
    <subfield code="b">Current Contents - Clinical Medicine</subfield>
    <subfield code="d">2025-11-11</subfield>
  </datafield>
  <datafield tag="915" ind1=" " ind2=" ">
    <subfield code="a">DBCoverage</subfield>
    <subfield code="0">StatID:(DE-HGF)0199</subfield>
    <subfield code="2">StatID</subfield>
    <subfield code="b">Clarivate Analytics Master Journal List</subfield>
    <subfield code="d">2025-11-11</subfield>
  </datafield>
  <datafield tag="920" ind1="1" ind2=" ">
    <subfield code="0">I:(DE-2719)1510100</subfield>
    <subfield code="k">AG Teipel</subfield>
    <subfield code="l">Clinical Dementia Research (Rostock /Greifswald)</subfield>
    <subfield code="x">0</subfield>
  </datafield>
  <datafield tag="980" ind1=" " ind2=" ">
    <subfield code="a">abstract</subfield>
  </datafield>
  <datafield tag="980" ind1=" " ind2=" ">
    <subfield code="a">VDB</subfield>
  </datafield>
  <datafield tag="980" ind1=" " ind2=" ">
    <subfield code="a">UNRESTRICTED</subfield>
  </datafield>
  <datafield tag="980" ind1=" " ind2=" ">
    <subfield code="a">journal</subfield>
  </datafield>
  <datafield tag="980" ind1=" " ind2=" ">
    <subfield code="a">I:(DE-2719)1510100</subfield>
  </datafield>
  <datafield tag="980" ind1="1" ind2=" ">
    <subfield code="a">FullTexts</subfield>
  </datafield>
</record>
</collection>